| 000 | 00000nam##2200000za#4500 |
| 001 | 9.642508 |
| 003 | CaOODSP |
| 005 | 20231102100625 |
| 007 | cr ||||||||||| |
| 008 | 150407|2008||||xxc|||||o f|0| 0 fre|d |
| 040 | |aCaOODSP|bfre |
| 043 | |an-cn--- |
| 086 | 1 |aD74-9/2008F-PDF |
| 110 | 2 |aBureau de l'ombudsman de la Défense nationale et des Forces canadiennes. |
| 245 | 10|aÉvaluation de l'état des services de santé mentale de la BFC Petawawa : |h[ressource électronique]|bétude de cas menée par l'Ombudsman du ministère de la Défense nationale et des Forces canadiennes / |c[par] Mary McFadyen. |
| 260 | |aOttawa - Ontario : |bBureau de l'ombudsman de la Défense nationale et des Forces canadiennes |cDécembre 2008. |
| 300 | |a30p. |
| 500 | |aPlaignant: Christian McEachern. |
| 590 | |a13-23-Supp|b2013-10-08 |
| 691 | 07|aPersonnel militaire|2gcpds |
| 691 | 07|aSanté mentale|2gcpds |
| 775 | 08|tAssessing the state of mental health services at CFB Petawawa : |w(CaOODSP)9.698502 |
| 856 | 40|ahttp://publications.gc.ca|qPDF|s1.44 Mo|uhttps://publications.gc.ca/collections/collection_2013/dn-nd/D74-9-2008-fra.pdf |